000 00317nam a2200145Ia 4500
008 220923s9999 xx 000 0 und d
082 _bMOD
100 _aMODAK, ANOOPAM
245 0 _aSUPREME COURT ON CONTEMPT
250 _a1ST
260 _c2013
300 _a184
650 _aLegal Institution
942 _cBK
999 _c195889
_d195889